Living fire and other S.F. stories

Bibliographic Details
Main Author: Fisk, Nicholas
Other Authors: Parkins, David (illlustrated)
Format: Book
Published: Great Britain : Transworld Publisher , 1987
Subjects:

MARC

LEADER 00000cam a2200000 7i4500
001 0000009712
002 000010577
005 20000330.0
020 |a 0862208602 
090 0 0 |a JF   |b FIS 
100 1 |a Fisk, Nicholas 
245 1 0 |a Living fire and other S.F. stories   |c Nicholas Fisk ; illustrated by David Parkins 
260 |a Great Britain :   |b Transworld Publisher ,   |c 1987 
300 |a 188p. ;   |c 20cm. 
650 0 0 |a Short stories 
700 1 |a Parkins, David ,   |e illlustrated 
999 |a 032424   |b BUKU   |c PINJAMAN   |e PERPUSTAKAAN KOMUNITI PETALING JAYA